| 000 | 00686nam a2200253 i 4500 | ||
|---|---|---|---|
| 001 | bg | ||
| 100 | 1 | _aLEECH, Geofferey N. | |
| 245 | 1 | 0 |
_aA linguistic guide to English poetry / _cGeoffrey N. Leech. |
| 250 | _a20th impr. | ||
| 260 |
_aLondon ; _aNew York : _bLongman, _c1999. |
||
| 300 |
_a240 s. ; _c24 cm. |
||
| 490 | 1 | _aEnglish Language Series | |
| 504 | _aBibliogr. - Indeks. | ||
| 650 | 9 | _aPoezja angielska | |
| 650 | 9 |
_aJęzykoznawstwo _xzagadnienia |
|
| 830 | _aEnglish Language Series | ||
| 020 | _a0582550130 | ||
| 040 | _cBPK | ||
| 041 | 0 | _aen | |
| 080 | _a821.111-1:81 | ||
| 920 | _a0-582-55013-0 | ||
| 942 | _cKS | ||
| 008 | s pl f |000 0 pol | ||
| 999 |
_c38851 _d38851 |
||
| 856 |
_uhttp://koha.tu.koszalin.pl/cgi-bin/koha/opac-detail.pl?biblionumber=38851 _yKatalog online BPK |
||